Renewable energy (Record no. 104632)
[ view plain ]
| 000 -LEADER | |
|---|---|
| fixed length control field | 01422cam a2200193 4500 |
| 001 - CONTROL NUMBER | |
| control field | L131080 |
| 008 - FIXED-LENGTH DATA ELEMENTS--GENERAL INFORMATION | |
| fixed length control field | 050926n2005 000 0 eng u |
| 035 ## - SYSTEM CONTROL NUMBER | |
| System control number | (Sirsi) u131080 |
| 041 0# - LANGUAGE CODE | |
| Language code of text/sound track or separate title | eng |
| 110 1# - MAIN ENTRY--CORPORATE NAME | |
| Corporate name or jurisdiction name as entry element | United Kingdom |
| Subordinate unit | Department of Trade and Industry |
| 245 ## - TITLE STATEMENT | |
| Title | Renewable energy |
| Remainder of title | 2005/6 review of the renewables obligation |
| -- | statutory consultation document |
| 260 ## - PUBLICATION, DISTRIBUTION, ETC. | |
| Place of publication, distribution, etc. | London |
| Name of publisher, distributor, etc. | DTI |
| Date of publication, distribution, etc. | 2005 |
| 520 ## - SUMMARY, ETC. | |
| Summary, etc. | The Renewables Obligation, which came into force in 2002, is the principal government policy instrument for encouraging the expansion of electricity generated from renewable resources. This statutory consultation document sets out the government proposed position and seeks views on changes to the Renewables Obligation Order 2005, on the Regulatory Impact Assessment and on the draft Order. The changes discussed are to: make some limited changes to the eligibility of electricity generated from mixed wastes; modify future rules for low cost technologies and simplify the administrative arrangements for the Obligation. Responses to the consultation are required by 9 December 2005. |
| 520 ## - SUMMARY, ETC. | |
| Summary, etc. | Item not found when searched for online 12/9/2011 |
| 590 ## - LOCAL NOTE (RLIN) | |
| Local note | IKA270905 |
| 690 ## - LOCAL SUBJECT ADDED ENTRY--TOPICAL TERM (OCLC, RLIN) | |
| Topical term or geographic name as entry element | ENVIRONMENTAL AND LAND CONSULTANCY-ENERGY-RENEWABLE ENERGY |
| 856 40 - ELECTRONIC LOCATION AND ACCESS | |
| Uniform Resource Identifier | <a href="https://www.dti.gov.uk/renewables/renew_2.2.5b.htm">https://www.dti.gov.uk/renewables/renew_2.2.5b.htm</a> |
| Public note | View the statutory consultation document free of charge at www.dti.gov.uk... |
| 942 ## - ADDED ENTRY ELEMENTS (KOHA) | |
| Suppress in OPAC | 0 |
| Withdrawn status | Lost status | Source of classification or shelving scheme | Damaged status | Not for loan | Home library | Current library | Shelving location | Date acquired | Total Checkouts | Full call number | Barcode | Date last seen | Copy number | Price effective from | Koha item type |
|---|---|---|---|---|---|---|---|---|---|---|---|---|---|---|---|
| Dewey Decimal Classification | Virtual | Virtual | Online | 26/09/2005 | ONLINE PUBLICATION | 131080-2001 | 06/08/2019 | 1 | 06/08/2019 | Book |